[Event "World Rapid 2015"]
[Site "Berlin GER"]
[Date "2015.10.11"]
[Round "7.38"]
[White "Ivanisevic, Ivan"]
[Black "Huzman, Alexander"]
[Result "1/2-1/2"]
[WhiteElo "2653"]
[BlackElo "2580"]
[PlyCount "69"]
[EventDate "2015.10.10"]
[EventType "rapid"]

1. d4 Nf6 2. c4 e6 3. Nc3 d5 4. cxd5 exd5 5. Bg5 c6 6. e3 Bf5 7. Qf3 Bg6 8.
Bxf6 Qxf6 9. Qxf6 gxf6 10. Kd2 Nd7 11. Bd3 Nb6 12. b3 Nc8 13. Nge2 Nd6 14. h4
Rg8 15. Rag1 Bxd3 16. Kxd3 f5 17. Rh3 Kd7 18. Rf3 Bh6 19. Ng3 Ke6 20. Nce2 Rg4
21. Rh1 a5 22. a4 Rgg8 23. Nh5 Ne4 24. Neg3 Nd6 25. Nf4+ Ke7 26. Nh3 Ke6 27.
Ng5+ Bxg5 28. hxg5 Rxg5 29. Rh6+ Ke7 30. Rxh7 Rag8 31. Rf4 Ke6 32. Rh6+ R8g6
33. Rh8 Rg8 34. Rh6+ R8g6 35. Rh8 1/2-1/2

[Event "World Rapid 2015"]
[Site "Berlin GER"]
[Date "2015.10.11"]
[Round "7.39"]
[White "Seirawan, Yasser"]
[Black "Milanovic, Danilo"]
[Result "1-0"]
[WhiteElo "2620"]
[BlackElo "2469"]
[PlyCount "59"]
[EventDate "2015.10.10"]
[EventType "rapid"]

1. d4 Nf6 2. c4 c5 3. d5 b5 4. cxb5 a6 5. bxa6 g6 6. Nc3 Bxa6 7. e4 Bxf1 8.
Kxf1 d6 9. g4 Bg7 10. Kg2 Na6 11. f3 Qb6 12. Nge2 Nc7 13. Rb1 Nd7 14. b3 O-O
15. Bb2 Ne5 16. Qd2 Qa6 17. Rhd1 Rab8 18. h3 Rb4 19. f4 Nd7 20. Qc2 Rfb8 21.
Bc1 c4 22. Be3 Qa3 23. Nd4 Bxd4 24. Bxd4 cxb3 25. axb3 Rxb3 26. Rxb3 Rxb3 27.
Ne2 Ne8 28. Ra1 Qb4 29. Ra8 Kf8 30. Rxe8+ 1-0

[Event "World Rapid 2015"]
[Site "Berlin GER"]
[Date "2015.10.11"]
[Round "7.40"]
[White "Bachmann, Axel"]
[Black "Pavlovic, Milos"]
[Result "1/2-1/2"]
[WhiteElo "2593"]
[BlackElo "2481"]
[PlyCount "95"]
[EventDate "2015.10.10"]
[EventType "rapid"]

1. c4 e6 2. Nf3 Nf6 3. g3 d5 4. Bg2 Be7 5. O-O O-O 6. b3 c5 7. Bb2 Nc6 8. e3 b6
9. Nc3 Ba6 10. d3 Qd7 11. Qe2 Rad8 12. Rad1 Rfe8 13. e4 Nd4 14. Qe3 dxe4 15.
dxe4 Bb7 16. e5 Ng4 17. Qf4 Bxf3 18. Bxf3 Nxe5 19. Bg2 Ng6 20. Qe4 f5 21. Qb7
Qxb7 22. Bxb7 Bf6 23. Kg2 Kf7 24. Rfe1 Nc2 25. Rf1 Nb4 26. a3 Na2 27. Na4 Bxb2
28. Nxb2 Nc3 29. Rc1 Ne2 30. Rcd1 Nd4 31. b4 Re7 32. Ba6 e5 33. Na4 Rc7 34.
Rfe1 e4 35. g4 Nf4+ 36. Kg3 Nde2+ 37. Kh4 g5+ 38. Kxg5 Rf8 39. Bb5 Ke6 40. Rxe2
Nxe2 41. bxc5 Rg7+ 42. Kh6 Rxg4 43. Rd6+ Ke5 44. Rd5+ Kf6 45. Rd6+ Ke5 46. Rd5+
Kf6 47. Rd6+ Ke5 48. Rd5+ 1/2-1/2

[Event "World Rapid 2015"]
[Site "Berlin GER"]
[Date "2015.10.11"]
[Round "7.41"]
[White "Petrosian, Tigran L"]
[Black "Stern, Rene"]
[Result "1-0"]
[WhiteElo "2625"]
[BlackElo "2538"]
[PlyCount "79"]
[EventDate "2015.10.10"]
[EventType "rapid"]

1. Nf3 Nf6 2. g3 e6 3. Bg2 Be7 4. d3 d5 5. Nbd2 O-O 6. e4 c5 7. O-O Nc6 8. Re1
Qc7 9. Qe2 b5 10. e5 Nd7 11. Nf1 a5 12. h4 b4 13. N1h2 a4 14. Ng4 a3 15. b3 Ba6
16. Bf4 Rfc8 17. Qd2 Qd8 18. Bg5 Ra7 19. Qf4 Rac7 20. h5 Nd4 21. Bxe7 Qxe7 22.
Nxd4 cxd4 23. h6 g6 24. Qxd4 Rxc2 25. Bxd5 Qc5 26. Qxc5 Nxc5 27. Bc4 Bxc4 28.
dxc4 Rd8 29. Red1 Rcd2 30. Rxd2 Rxd2 31. Nf6+ Kh8 32. Kf1 Rd8 33. Ke2 Rd4 34.
f3 Rd8 35. Ne4 Nxe4 36. fxe4 Kg8 37. Rd1 Rxd1 38. Kxd1 Kf8 39. Ke2 Ke7 40. Kd3
1-0

[Event "World Rapid 2015"]
[Site "Berlin GER"]
[Date "2015.10.11"]
[Round "7.42"]
[White "Ganguly, Surya Shekhar"]
[Black "Piorun, Kacper"]
[Result "1-0"]
[WhiteElo "2652"]
[BlackElo "2609"]
[PlyCount "71"]
[EventDate "2015.10.10"]
[EventType "rapid"]

1. e4 c5 2. Nf3 Nc6 3. d4 cxd4 4. Nxd4 e5 5. Nb5 d6 6. c4 Be7 7. N1c3 a6 8. Na3
Nf6 9. Be2 Nd4 10. Nc2 Nxe2 11. Qxe2 Be6 12. b3 O-O 13. O-O Qd7 14. Bb2 b5 15.
cxb5 axb5 16. Nb4 Rfc8 17. Rfd1 Qb7 18. f3 Rc5 19. Rac1 Rac8 20. Nd3 R5c7 21.
Nb4 Rc5 22. Ncd5 Nxd5 23. exd5 Bd7 24. f4 Rxc1 25. Bxc1 Bf6 26. Bb2 Re8 27. Qc2
Bg4 28. Rf1 g6 29. Nc6 Bg7 30. fxe5 dxe5 31. Qc5 f6 32. d6 Bd7 33. Ne7+ Kh8 34.
Rxf6 Rxe7 35. dxe7 Bxf6 36. e8=Q+ 1-0

[Event "World Rapid 2015"]
[Site "Berlin GER"]
[Date "2015.10.11"]
[Round "7.43"]
[White "Motylev, Alexander"]
[Black "Stefansson, Hannes"]
[Result "1-0"]
[WhiteElo "2649"]
[BlackElo "2602"]
[PlyCount "55"]
[EventDate "2015.10.10"]
[EventType "rapid"]

1. e4 e5 2. Nf3 Nc6 3. Bb5 a6 4. Ba4 Nf6 5. O-O Be7 6. Re1 b5 7. Bb3 d6 8. c3
O-O 9. h3 Bb7 10. d4 Re8 11. Nbd2 exd4 12. cxd4 Na5 13. Bc2 Nd7 14. Nf1 Bf6 15.
Bf4 g6 16. b3 Bg7 17. Rc1 Nc6 18. Bb1 a5 19. Bg5 Bf6 20. Bxf6 Nxf6 21. Ng3 Qd7
22. Qd2 Kg7 23. Nf5+ Kh8 24. Qh6 Rg8 25. Ng5 gxf5 26. Qxf6+ Rg7 27. exf5 Re8
28. Qh6 1-0

[Event "World Rapid 2015"]
[Site "Berlin GER"]
[Date "2015.10.11"]
[Round "7.44"]
[White "Mikhalevski, Victor"]
[Black "Bogdanovich, Stanislav"]
[Result "0-1"]
[WhiteElo "2536"]
[BlackElo "2590"]
[PlyCount "136"]
[EventDate "2015.10.10"]
[EventType "rapid"]

1. Nf3 Nf6 2. g3 d5 3. Bg2 c6 4. c4 dxc4 5. O-O g6 6. Na3 Bg7 7. Nxc4 O-O 8. d3
Nbd7 9. Bd2 Nd5 10. Rb1 b6 11. b4 Bb7 12. d4 Rc8 13. Qb3 Ba8 14. Rfd1 N5f6 15.
Bf4 Nd5 16. Bd2 N5f6 17. a4 b5 18. Nb2 Nb6 19. a5 Nbd5 20. Nd3 Ne4 21. Be1 Nd6
22. Nfe5 e6 23. Nc5 Qe7 24. Rbc1 Rfd8 25. e3 Bxe5 26. dxe5 Nc4 27. Bc3 Nxa5 28.
bxa5 Qxc5 29. Bd4 Qe7 30. Bc5 Qb7 31. e4 Nc7 32. Rxd8+ Rxd8 33. Be7 Rd7 34. Bf6
b4 35. Qe3 Ne8 36. Bf1 Qb8 37. Qc5 b3 38. Bg5 b2 39. Rb1 Qb3 40. Bh6 Ng7 41.
Qc4 Qa3 42. Qa6 Rb7 43. Qxc6 Rb8 44. Qc7 Qb4 45. Bd2 Qf8 46. f3 Rb7 47. Qc3 Qb8
48. Bc4 Ne8 49. Be3 Qc8 50. Qd3 Rc7 51. Ba2 Rc3 52. Qd2 Rc2 53. Qd1 Qc3 54. Bd4
Qc7 55. Bxb2 Rc5 56. a6 Ra5 57. Rc1 Qb8 58. Qd7 Qxb2 59. Qxe8+ Kg7 60. Rc8 Qd4+
61. Kg2 Qd2+ 62. Kh3 Qh6+ 63. Kg4 Qh5+ 64. Kf4 Qh6+ 65. Kg4 Qh5+ 66. Kf4 Qxe5+
67. Kg4 Qh5+ 68. Kf4 Qg5# 0-1

[Event "World Rapid 2015"]
[Site "Berlin GER"]
[Date "2015.10.11"]
[Round "7.45"]
[White "Perunovic, Milos"]
[Black "Hausrath, Daniel"]
[Result "1-0"]
[WhiteElo "2622"]
[BlackElo "2503"]
[PlyCount "53"]
[EventDate "2015.10.10"]
[EventType "rapid"]

1. e4 c5 2. Nc3 Nc6 3. Bb5 Nf6 4. Nf3 Qc7 5. d3 Nd4 6. Ba4 e5 7. O-O Be7 8. Bg5
O-O 9. Nxd4 cxd4 10. Bxf6 Bxf6 11. Nd5 Qd8 12. f4 exf4 13. Nxf6+ Qxf6 14. Qd2
g5 15. g3 f3 16. e5 Qxe5 17. Rxf3 b5 18. Re1 Qd5 19. Bb3 Qc5 20. Ref1 Kh8 21.
Rxf7 Bb7 22. Rxf8+ Rxf8 23. Rxf8+ Qxf8 24. Qxg5 d6 25. Qh4 h6 26. Qxd4+ Kh7 27.
Bd5 1-0

[Event "World Rapid 2015"]
[Site "Berlin GER"]
[Date "2015.10.11"]
[Round "7.46"]
[White "Ehlvest, Jaan"]
[Black "Grigoriants, Sergey"]
[Result "1/2-1/2"]
[WhiteElo "2535"]
[BlackElo "2603"]
[PlyCount "62"]
[EventDate "2015.10.10"]
[EventType "rapid"]

1. Nf3 Nf6 2. c4 e6 3. d4 d5 4. Nc3 c5 5. e3 Nc6 6. a3 a6 7. dxc5 Bxc5 8. b4
Ba7 9. Bb2 O-O 10. Qc2 Qe7 11. Rd1 Rd8 12. Be2 dxc4 13. Rxd8+ Nxd8 14. Ne4 Nxe4
15. Qxe4 Bd7 16. Bxc4 Rc8 17. Ne5 Be8 18. O-O Bb8 19. Bb3 f6 20. Nf3 Bf7 21.
Nd4 Be5 22. f4 Bxd4 23. Bxd4 e5 24. Bxf7+ Nxf7 25. fxe5 Nxe5 26. Bxe5 Qxe5 27.
Qxe5 fxe5 28. Rf5 Rc3 29. Rxe5 Rxa3 30. Re7 Rb3 31. Rxb7 Rxe3 1/2-1/2

[Event "World Rapid 2015"]
[Site "Berlin GER"]
[Date "2015.10.11"]
[Round "7.47"]
[White "Bindrich, Falko"]
[Black "Tari, Aryan"]
[Result "1/2-1/2"]
[WhiteElo "2594"]
[BlackElo "2521"]
[PlyCount "61"]
[EventDate "2015.10.10"]
[EventType "rapid"]

1. d4 Nf6 2. c4 e6 3. g3 d5 4. Bg2 dxc4 5. Nf3 Bb4+ 6. Bd2 c5 7. dxc5 Bxc5 8.
O-O Nbd7 9. Qc2 O-O 10. Qxc4 b5 11. Qxb5 Rb8 12. Qc4 Rxb2 13. Nc3 Rb4 14. Qd3
Qb6 15. a3 Rb3 16. Rab1 Rxb1 17. Rxb1 Qa6 18. a4 Qxd3 19. exd3 Ba6 20. d4 Bb6
21. Nb5 Rb8 22. Rc1 Nd5 23. Bf1 Kf8 24. h4 h6 25. Ne5 Nxe5 26. dxe5 Rc8 27. Rd1
Bxb5 28. Bxb5 Nc3 29. Rc1 Bd4 30. Bxc3 Rxc3 31. Rxc3 1/2-1/2

[Event "World Rapid 2015"]
[Site "Berlin GER"]
[Date "2015.10.11"]
[Round "7.48"]
[White "Moiseenko, Alexander"]
[Black "Munoz Pantoja, Miguel"]
[Result "1-0"]
[WhiteElo "2692"]
[BlackElo "2441"]
[PlyCount "99"]
[EventDate "2015.10.10"]
[EventType "rapid"]

1. d4 c5 2. d5 Nf6 3. c4 g6 4. Nc3 Bg7 5. e4 O-O 6. Bd3 d6 7. Nge2 e6 8. Bg5 h6
9. Bh4 exd5 10. exd5 Nbd7 11. f4 g5 12. Bg3 Ng4 13. Qd2 Re8 14. O-O gxf4 15.
Nxf4 Nde5 16. Be2 Ng6 17. Bxg4 Bxg4 18. h3 Bd4+ 19. Kh2 Qg5 20. hxg4 Ne5 21.
Nce2 Nxc4 22. Qc1 Ne3 23. Nxd4 cxd4 24. Qd2 Re4 25. Rf3 Rae8 26. Kg1 Nxg4 27.
Raf1 Ne3 28. Rc1 Nf5 29. Qf2 Re3 30. Bh2 Nh4 31. Rg3 Rxg3 32. Qxg3 Re3 33.
Qxg5+ hxg5 34. Nh5 Re2 35. Bxd6 d3 36. Rd1 Nf5 37. Bb4 Rxb2 38. Bc3 Rxg2+ 39.
Kxg2 Ne3+ 40. Kf3 Nxd1 41. Bd2 Kf8 42. Ke4 g4 43. Kxd3 Ke7 44. Bb4+ Kd8 45. Ke4
Nf2+ 46. Kf5 b6 47. Bf8 Nd1 48. d6 Ne3+ 49. Ke4 Nc4 50. Nf6 1-0

[Event "World Rapid 2015"]
[Site "Berlin GER"]
[Date "2015.10.11"]
[Round "7.49"]
[White "Salem, A.R. Saleh"]
[Black "Kunin, Vitaly"]
[Result "1-0"]
[WhiteElo "2624"]
[BlackElo "2556"]
[PlyCount "57"]
[EventDate "2015.10.10"]
[EventType "rapid"]

1. d4 d5 2. c4 dxc4 3. Nf3 Nf6 4. Nc3 a6 5. a4 Nc6 6. e4 Na5 7. Bg5 h6 8. Bh4
Bg4 9. e5 Nd5 10. h3 Bf5 11. g4 Nxc3 12. bxc3 Be4 13. e6 fxe6 14. Bg3 Qd5 15.
Bg2 Nb3 16. Rb1 O-O-O 17. O-O g5 18. Re1 Bxb1 19. Ne5 Qa5 20. Qf3 Rd5 21. Rxb1
Nd2 22. Qf7 Nxb1 23. Qxe6+ Kb8 24. Nxc4 Rd6 25. Bxd6 Qxa4 26. Bxc7+ Kxc7 27.
Qe5+ Kd8 28. Qb8+ Kd7 29. Nb6+ 1-0

[Event "World Rapid 2015"]
[Site "Berlin GER"]
[Date "2015.10.11"]
[Round "7.50"]
[White "Naumann, Alexander"]
[Black "Bologan, Viktor"]
[Result "0-1"]
[WhiteElo "2545"]
[BlackElo "2607"]
[PlyCount "88"]
[EventDate "2015.10.10"]
[EventType "rapid"]

1. d4 Nf6 2. c4 g6 3. Nf3 Bg7 4. g3 c5 5. Bg2 Qa5+ 6. Qd2 Nc6 7. Qxa5 Nxa5 8.
b3 d5 9. cxd5 Nxd5 10. Bb2 Nb4 11. Na3 Nac6 12. O-O O-O 13. e3 Rd8 14. Rfd1 Bg4
15. h3 Bxf3 16. Bxf3 cxd4 17. exd4 Nxd4 18. Bxd4 Bxd4 19. Rab1 Rab8 20. Nb5 Bb6
21. Kf1 Nd3 22. Rd2 Nxf2 23. Rxf2 Bxf2 24. Kxf2 Rd2+ 25. Ke3 Rxa2 26. Nc3 Rc2
27. Kd3 Rh2 28. h4 Rd8+ 29. Ke3 Rc2 30. Ne2 b5 31. Be4 Rc7 32. Ra1 Rd6 33. g4
Kg7 34. Ra2 a6 35. Ra1 Rc5 36. Rf1 h6 37. Nc1 Rc3+ 38. Bd3 Rc5 39. Be4 e6 40.
Ne2 f5 41. gxf5 exf5 42. Bd3 Kf6 43. Nf4 Rc3 44. b4 g5 0-1

[Event "World Rapid 2015"]
[Site "Berlin GER"]
[Date "2015.10.11"]
[Round "7.51"]
[White "Godena, Michele"]
[Black "Belov, Vladimir"]
[Result "0-1"]
[WhiteElo "2513"]
[BlackElo "2614"]
[PlyCount "62"]
[EventDate "2015.10.10"]
[EventType "rapid"]

1. e4 c6 2. d4 d5 3. Nd2 dxe4 4. Nxe4 Nd7 5. Bc4 Ngf6 6. Ng5 e6 7. Qe2 Nb6 8.
Bd3 h6 9. N5f3 c5 10. Be3 Qc7 11. Ne5 cxd4 12. Bxd4 Bb4+ 13. c3 Bc5 14. Bxc5
Qxc5 15. Ngf3 a6 16. Bc2 Nbd5 17. Rd1 b5 18. O-O O-O 19. Rd4 Bb7 20. Re1 Rad8
21. Qd2 Qc7 22. Rd1 Rc8 23. a3 Nb6 24. Ng4 Nxg4 25. Rxg4 Kh8 26. Qd4 f5 27. Rg3
Bxf3 28. Rxf3 Nc4 29. b3 Nxa3 30. Rc1 Nxc2 31. Rxc2 Rfd8 0-1

[Event "World Rapid 2015"]
[Site "Berlin GER"]
[Date "2015.10.11"]
[Round "7.52"]
[White "Hjartarson, Johann"]
[Black "Swiercz, Dariusz"]
[Result "0-1"]
[WhiteElo "2529"]
[BlackElo "2620"]
[PlyCount "102"]
[EventDate "2015.10.10"]
[EventType "rapid"]

1. e4 c5 2. Nf3 d6 3. d4 cxd4 4. Nxd4 Nf6 5. Nc3 a6 6. f4 e5 7. Nf3 Nbd7 8. Bd3
Be7 9. O-O O-O 10. a4 Nc5 11. Kh1 d5 12. Nxe5 Ncxe4 13. Bxe4 dxe4 14. Qe2 Qc7
15. Nxe4 Bf5 16. Nc3 Rfe8 17. Be3 Bb4 18. Bd4 Rad8 19. Qf2 Bxc3 20. bxc3 Qc8
21. Rfe1 Ne4 22. Qf3 f6 23. Nd3 Nxc3 24. Rxe8+ Rxe8 25. Nc5 Ne4 26. Qb3+ Kh8
27. Nxb7 Qc7 28. Qd5 Qxf4 29. Nd8 Ng5 30. Kg1 Qe4 31. Qxe4 Bxe4 32. Bb6 Bxc2
33. h4 Ne4 34. a5 Kg8 35. Nc6 Bd3 36. Nb4 Bb5 37. Rc1 Nd6 38. Nd5 Re2 39. Rc7
h5 40. Nf4 Re1+ 41. Kh2 Re4 42. g3 Be2 43. Kg2 Nf5 44. Kf2 Bg4 45. Ra7 Ra4 46.
Rxa6 Ra2+ 47. Ke1 Nxg3 48. Ra8+ Kh7 49. a6 Ne4 50. Bd4 Rd2 51. Kf1 Bf3 0-1

[Event "World Rapid 2015"]
[Site "Berlin GER"]
[Date "2015.10.11"]
[Round "7.54"]
[White "Bezold, Michael"]
[Black "Ghaem Maghami, Ehsan"]
[Result "1-0"]
[WhiteElo "2509"]
[BlackElo "2596"]
[PlyCount "91"]
[EventDate "2015.10.10"]
[EventType "rapid"]

1. c4 Nf6 2. g3 c6 3. b3 d5 4. Bb2 Bg4 5. Bg2 e6 6. Nf3 Nbd7 7. O-O Be7 8. d3
O-O 9. Nbd2 a5 10. a3 Bd6 11. Qc2 Re8 12. Rfe1 h6 13. e4 dxe4 14. dxe4 e5 15.
h3 Bxf3 16. Nxf3 Bc5 17. Bc3 Qe7 18. Qb2 b6 19. b4 Bd6 20. Nd2 Qe6 21. Bf1 c5
22. bxa5 bxa5 23. Rab1 Nf8 24. Qa1 Qe7 25. h4 Ne6 26. Bxe5 Bxe5 27. Qxe5 Rad8
28. Qc3 Nd4 29. Bh3 Qe5 30. Kg2 Qc7 31. Re3 g5 32. hxg5 hxg5 33. Kg1 g4 34. Bg2
a4 35. Rbe1 Qe5 36. Qc1 Kg7 37. Nf1 Rh8 38. Rc3 Rde8 39. Qf4 Nf3+ 40. Bxf3 Qxc3
41. e5 Qxe1 42. exf6+ Kf8 43. Qd6+ Kg8 44. Bd5 Qe5 45. Qd7 Rf8 46. Qxg4+ 1-0

[Event "World Rapid 2015"]
[Site "Berlin GER"]
[Date "2015.10.11"]
[Round "7.55"]
[White "Borisek, Jure"]
[Black "Hasangatin, Ramil"]
[Result "0-1"]
[WhiteElo "2565"]
[BlackElo "2509"]
[PlyCount "108"]
[EventDate "2015.10.10"]
[EventType "rapid"]

1. e4 d5 2. exd5 Qxd5 3. Nc3 Qd6 4. d4 Nf6 5. Nf3 c6 6. h3 Bf5 7. Bc4 Nbd7 8.
O-O e6 9. Re1 Be7 10. Nh4 Bg6 11. Nxg6 hxg6 12. Ne2 b5 13. Bb3 Nb6 14. Nf4 Nbd5
15. Nd3 O-O 16. c3 Nd7 17. Qf3 Bf6 18. a4 a6 19. g3 Rac8 20. axb5 axb5 21. Bf4
Nxf4 22. Nxf4 Rfe8 23. Ra7 Re7 24. h4 c5 25. Ra8 Ree8 26. Rxc8 Rxc8 27. d5 e5
28. Ng2 Re8 29. Bc2 c4 30. h5 gxh5 31. Qxh5 Nf8 32. Ne3 g6 33. Qf3 Bg7 34. Ra1
Nd7 35. Ra7 Rf8 36. Qg4 Nc5 37. Qg5 Bf6 38. Qh6 Bg7 39. Qh3 e4 40. Qh4 Re8 41.
Qf4 Qxf4 42. gxf4 Nd3 43. f5 Nxb2 44. fxg6 fxg6 45. d6 Nd3 46. Nd5 Rd8 47. d7
Kf7 48. Bd1 Ne5 49. Nb6 Nf3+ 50. Kg2 Bxc3 51. Rc7 Ba5 52. Rc6 Bxb6 53. Rxb6
Rxd7 54. Bc2 Ne1+ 0-1

[Event "World Rapid 2015"]
[Site "Berlin GER"]
[Date "2015.10.11"]
[Round "7.57"]
[White "Guliyev, Namig"]
[Black "Przybylski, Wojciech"]
[Result "1-0"]
[WhiteElo "2579"]
[BlackElo "2354"]
[PlyCount "115"]
[EventDate "2015.10.10"]
[EventType "rapid"]

1. e4 e5 2. Nf3 Nc6 3. Bb5 Nf6 4. O-O Nxe4 5. Re1 Nd6 6. Nxe5 Be7 7. Bf1 Nf5 8.
Nf3 O-O 9. d4 d5 10. c3 h6 11. Nbd2 Be6 12. Bd3 Bd6 13. b4 Qf6 14. b5 Nce7 15.
Ne5 Ng6 16. Ndf3 Nfh4 17. Nxh4 Nxh4 18. f4 Bf5 19. g3 Bxd3 20. Qxd3 Bxe5 21.
Rxe5 Ng6 22. Rxd5 Rfe8 23. Bd2 Qe6 24. Rc5 Qg4 25. Rf1 Re7 26. Qf3 Qxf3 27.
Rxf3 b6 28. Rc6 Rd7 29. Rc4 Ne7 30. f5 f6 31. g4 a5 32. Re3 Kf7 33. Bc1 h5 34.
h3 Rh8 35. Kg2 hxg4 36. hxg4 Rh4 37. Rg3 Nd5 38. Rc6 Re7 39. c4 Nb4 40. Re6
Rxe6 41. fxe6+ Kxe6 42. Bf4 Kd7 43. a3 Nc2 44. Bd2 Kc8 45. d5 Nd4 46. Be3 Ne2
47. Rh3 Rxh3 48. Kxh3 Nc3 49. Kh4 Kd7 50. Kh5 Ne4 51. Kg6 Nd6 52. Kxg7 f5 53.
g5 Nxc4 54. Bf4 Nd6 55. Kf8 Ne4 56. g6 Nf6 57. g7 Nxd5 58. Bg5 1-0

[Event "World Rapid 2015"]
[Site "Berlin GER"]
[Date "2015.10.11"]
[Round "7.58"]
[White "Sethuraman, S.P."]
[Black "Anton Guijarro, David"]
[Result "0-1"]
[WhiteElo "2640"]
[BlackElo "2634"]
[PlyCount "82"]
[EventDate "2015.10.10"]
[EventType "rapid"]

1. Nf3 e6 2. c4 g5 3. d4 g4 4. Ne5 h5 5. Nc3 Bg7 6. e3 c5 7. Nd3 cxd4 8. exd4
Bxd4 9. Nb5 Nc6 10. Be2 d6 11. Qa4 Kf8 12. Qa3 Kg7 13. Nxd6 Nf6 14. Be3 Ne8 15.
Nb5 Bxe3 16. fxe3 Qg5 17. Nf4 a6 18. O-O Qe5 19. Rad1 Rb8 20. Nd4 Nf6 21. Kh1
Bd7 22. Qc3 Rbd8 23. Nd3 Qg5 24. Nc5 e5 25. Ndb3 Bf5 26. Nxb7 Rxd1 27. Bxd1 Ne4
28. Qe1 h4 29. N3c5 Ng3+ 30. Kg1 Nxf1 31. Kxf1 Bg6 32. Qd2 Nd4 33. Ke1 g3 34.
h3 Nf5 35. e4 Ne3 36. Bf3 Qf4 37. Nd6 Rd8 38. Ncb7 Rb8 39. c5 Rxb7 40. Nxb7
Bxe4 41. Bxe4 Qf1# 0-1

[Event "World Rapid 2015"]
[Site "Berlin GER"]
[Date "2015.10.11"]
[Round "7.59"]
[White "Hirneise, Tobias"]
[Black "Romanov, Evgeny"]
[Result "0-1"]
[WhiteElo "2457"]
[BlackElo "2573"]
[PlyCount "106"]
[EventDate "2015.10.10"]
[EventType "rapid"]

1. e4 e5 2. Nf3 Nc6 3. Bb5 g6 4. c3 a6 5. Bc4 d6 6. d4 Qe7 7. Bg5 f6 8. Be3 Nh6
9. h3 Nf7 10. Nbd2 Bg7 11. dxe5 fxe5 12. Qc2 Bd7 13. a4 Bf6 14. Nf1 Ncd8 15. h4
Ne6 16. h5 Nf4 17. Bxf4 exf4 18. hxg6 hxg6 19. Rxh8+ Bxh8 20. N1d2 Ne5 21. Nxe5
Bxe5 22. O-O-O O-O-O 23. Rh1 Qg5 24. Bf1 Bf6 25. b3 Qc5 26. Nc4 d5 27. exd5
Qxd5 28. Bd3 Qxg2 29. Be4 Qg5 30. Rd1 Be8 31. Rxd8+ Bxd8 32. Qd3 Qg1+ 33. Qd1
Qxd1+ 34. Kxd1 Bf6 35. Kc2 b6 36. a5 b5 37. Nb2 g5 38. Nd3 Be7 39. f3 c5 40. b4
cxb4 41. cxb4 Kc7 42. Kc3 Bf6+ 43. Kb3 Bd4 44. Nc1 Bd7 45. Ne2 Be5 46. Nc1 Bc6
47. Nd3 Bxe4 48. Nxe5 Bd5+ 49. Kc3 Kd6 50. Kd4 Ke6 51. Nd3 Bxf3 52. Nc5+ Kf5
53. Nxa6 g4 0-1

[Event "World Rapid 2015"]
[Site "Berlin GER"]
[Date "2015.10.11"]
[Round "7.60"]
[White "Wagner, Dennis"]
[Black "Zhang, Zhong"]
[Result "0-1"]
[WhiteElo "2575"]
[BlackElo "2619"]
[PlyCount "250"]
[EventDate "2015.10.10"]
[EventType "rapid"]

1. d4 Nf6 2. c4 e6 3. Nf3 d5 4. Nc3 Bb4 5. cxd5 exd5 6. Bg5 h6 7. Bh4 c5 8.
dxc5 Nbd7 9. e3 Qa5 10. Nd2 Bxc3 11. bxc3 Qxc5 12. Be2 O-O 13. O-O Qxc3 14. Rc1
Qa5 15. Nb3 Qxa2 16. Nd4 Ne4 17. Nb5 Ndf6 18. f3 Ng5 19. Be1 Bf5 20. e4 dxe4
21. Bc4 Qa6 22. fxe4 Rad8 23. Qb3 Bxe4 24. h4 Ngh7 25. Bb4 Qb6+ 26. Rf2 a6 27.
Bc5 Qxc5 28. Bxf7+ Rxf7 29. Rxc5 axb5 30. Rxb5 Rd3 31. Qc4 Rd1+ 32. Rf1 Rd2 33.
Rf2 Rxf2 34. Kxf2 Bc6 35. Ra5 Nd5+ 36. Kg1 Nhf6 37. Ra8+ Kh7 38. Qd3+ g6 39.
Qd4 h5 40. Qe5 Re7 41. Qa1 Kg7 42. Rd8 Re2 43. Qa3 Re1+ 44. Kf2 Re7 45. Qa1 Kh7
46. Kg1 Ne8 47. Qa3 Re1+ 48. Kf2 Re6 49. Kg1 Kg7 50. Qa1+ Ndf6 51. Rd2 Re4 52.
Qa3 Re1+ 53. Kf2 Re6 54. Kg1 Ng4 55. Qa1+ Nef6 56. Rc2 Kh7 57. Rd2 Re8 58. Ra2
Re6 59. Ra8 Re2 60. Ra2 Re4 61. Ra8 Ne5 62. Qa3 Ned7 63. Qa1 Rxh4 64. Ra3 Rg4
65. Ra2 Re4 66. Rf2 Kg7 67. Qa3 Re1+ 68. Rf1 Re2 69. Rf2 Re6 70. Qc3 Kh7 71.
Qb3 Bd5 72. Qa3 Kg7 73. Qc3 Bc6 74. Rf1 Ne5 75. Qb4 Neg4 76. Re1 Ne4 77. Ra1
Re8 78. Rd1 Ngf6 79. Rd8 Rxd8 80. Qe7+ Kh6 81. Qxd8 Bd5 82. Kh2 b5 83. Kh3 Be6+
84. Kh2 b4 85. Qf8+ Kg5 86. Qxb4 Ng4+ 87. Kg1 Ngf6 88. Qd4 Kh6 89. Qe3+ g5 90.
Qa3 Kg6 91. Qe7 Bf5 92. Qd8 h4 93. Qh8 Be6 94. Qb8 Bd5 95. Qc7 Ng3 96. Qc2+ Be4
97. Qd2 Nd5 98. Qa2 Kh5 99. Qb2 Kg6 100. Qa1 Ne2+ 101. Kh2 Nf6 102. Qa6 Ng3
103. Qb6 Bd5 104. Qa6 Kf5 105. Qc8+ Kg6 106. Qa6 Nge4 107. Qb6 Kf5 108. Kg1 Nh5
109. Qb5 Nf4 110. Qd7+ Kf6 111. Qd8+ Ke5 112. Qh8+ Nf6 113. Qb8+ Kf5 114. Qb1+
Be4 115. Qb2 Bxg2 116. Qb5+ Bd5 117. Kh2 g4 118. Qb1+ Kg5 119. Qb2 g3+ 120. Kg1
Nh3+ 121. Kf1 g2+ 122. Ke2 Nf4+ 123. Kd2 g1=Q 124. Qe5+ Kg6 125. Qxf4 Qg5 0-1

[Event "World Rapid 2015"]
[Site "Berlin GER"]
[Date "2015.10.11"]
[Round "7.61"]
[White "Bruedigam, Martin"]
[Black "Bluebaum, Matthias"]
[Result "1-0"]
[WhiteElo "2375"]
[BlackElo "2588"]
[PlyCount "77"]
[EventDate "2015.10.10"]
[EventType "rapid"]

1. e4 e6 2. d4 d5 3. exd5 exd5 4. Bd3 Nc6 5. c3 Bd6 6. Qf3 Be6 7. Bf4 Be7 8.
Qg3 g5 9. Bxc7 Qd7 10. Na3 f5 11. Qe3 f4 12. Qe2 Nf6 13. Nf3 Ne4 14. Be5 O-O
15. Nc2 g4 16. Nd2 Nxd2 17. Qxd2 Nxe5 18. dxe5 Qc7 19. Qe2 Rae8 20. Nd4 Bg5 21.
Nxe6 Rxe6 22. Qxg4 Qxe5+ 23. Kf1 f3 24. h4 Rh6 25. Re1 Qf6 26. Rh3 fxg2+ 27.
Qxg2 Qf4 28. Rg3 Rxh4 29. Rxg5+ Kh8 30. Kg1 Qd2 31. Re3 Rhf4 32. Rh3 R4f7 33.
Qg3 Qe1+ 34. Bf1 Qxf2+ 35. Qxf2 Rxf2 36. Bd3 R8f7 37. Rxh7+ Rxh7 38. Kxf2 Rh3
39. Be2 1-0

[Event "World Rapid 2015"]
[Site "Berlin GER"]
[Date "2015.10.11"]
[Round "7.62"]
[White "Gajewski, Grzegorz"]
[Black "Seel, Christian"]
[Result "1-0"]
[WhiteElo "2654"]
[BlackElo "2474"]
[PlyCount "55"]
[EventDate "2015.10.10"]
[EventType "rapid"]

1. d4 Nf6 2. c4 g6 3. g3 Bg7 4. Bg2 d5 5. cxd5 Nxd5 6. Nf3 Nb6 7. O-O Nc6 8. e3
O-O 9. Nc3 Re8 10. Re1 e5 11. d5 Na5 12. e4 c6 13. Bg5 f6 14. Be3 cxd5 15. Bxb6
Qxb6 16. Nxd5 Qd8 17. Rc1 Nc6 18. Qb3 Kh8 19. Red1 Qa5 20. Nxf6 Bxf6 21. Qf7
Bg4 22. Qxf6+ Kg8 23. Bf1 Qxa2 24. Bc4+ Qxc4 25. Rxc4 Rf8 26. Qh4 Bxf3 27. Rd7
Bh5 28. Rxc6 1-0

[Event "World Rapid 2015"]
[Site "Berlin GER"]
[Date "2015.10.11"]
[Round "7.63"]
[White "Van Wely, Loek"]
[Black "Sanal, Vahap"]
[Result "1-0"]
[WhiteElo "2632"]
[BlackElo "2501"]
[PlyCount "89"]
[EventDate "2015.10.10"]
[EventType "rapid"]

1. Nf3 Nf6 2. g3 e6 3. Bg2 b5 4. d3 Bb7 5. O-O Be7 6. e4 d5 7. e5 Nfd7 8. Re1
c5 9. h4 Nc6 10. Bf4 b4 11. Nbd2 Qb6 12. Nf1 a5 13. Ne3 Rc8 14. c4 bxc3 15.
bxc3 O-O 16. Rb1 Qa7 17. Ng4 Rb8 18. h5 Ba6 19. Rxb8 Rxb8 20. h6 g6 21. Nf6+
Nxf6 22. exf6 Bxf6 23. Bxb8 Qxb8 24. Qd2 Qd8 25. Rb1 g5 26. Qe3 d4 27. Qe4 Ne7
28. cxd4 cxd4 29. Ne5 Nd5 30. Qxd4 Qc7 31. Bxd5 Bxe5 32. Qb6 Bxd3 33. Qxc7 Bxc7
34. Rc1 exd5 35. Rxc7 Kf8 36. Rc5 d4 37. Rxa5 Be2 38. Ra4 d3 39. Rd4 g4 40. a4
Ke7 41. a5 Kf6 42. a6 d2 43. a7 d1=Q+ 44. Rxd1 Bxd1 45. a8=Q 1-0